True or False Obscure Trivia - Statistics

General Stats
  • This quiz has been taken 137 times
  • The average score is 5 of 8
Answer Stats
Question Answer % Correct
Female ferrets in heat that are not allowed to bred can die. True
88%
A duck’s quack doesn’t echo, and nobody can figure out why. False
75%
The Romans used to clean and whiten their teeth with urine. True
75%
Total removal of body-hair was customary for both men and women in ancient Egypt. True
75%
The Declaration of Independence was written on hemp paper. False
50%
Because metal was scarce, the Oscars given out during World War II were made of wood. False
50%
Ketchup was sold in the 1830s as medicine. True
50%
The “hashtag” key on your keyboard (#) is called an octotroph. True
38%
No matching quizzes found
Score Distribution
Percent of People with Each Score
Percentile by Number Answered
Your Score History
You have not taken this quiz